Quiz de logotipos de marcas- #2 - Statistics

General Stats
  • This quiz has been taken 239 times
  • The average score is 18 of 20
Answer Stats
Picture Answer % Correct
Google
99%
Lego
98%
Microsoft
98%
Youtube
98%
Instagram
97%
Puma
97%
SnapChat
97%
Spotify
95%
XBox
95%
Toyota
94%
Twitter
92%
Burger King
91%
Mc Donalds
90%
Firefox
89%
Gucci
88%
Skype
85%
Nestlé
81%
Playboy
81%
WalMart
69%
Maserati
57%
No matching quizzes found
Score Distribution
Percent of People with Each Score
Percentile by Number Answered
Your Score History
You have not taken this quiz